Liedtext - Albatros - Karat - Statistiken

Allgemein
  • Dieses Quiz wurde 60 mal gespielt
  • Das Durchschnittsergebnis liegt bei 85 aus 223
Antwortstatistiken
Textquiz % Korrekt
Albatros
95%
Der
75%
der
75%
Er
73%
er
73%
die
71%
Die
71%
ein
69%
Und
69%
und
69%
das
67%
Es
67%
fliegt
64%
ist
60%
sein
60%
Den
58%
den
58%
im
58%
sie
58%
Vogel
56%
einen
55%
gibt
55%
In
55%
so
55%
wie
53%
Kein
49%
seine
49%
zu
49%
Auf
47%
weit
47%
wenn
47%
Wenn
47%
Flug
45%
mit
45%
Dann
44%
ihr
44%
keine
44%
Meer
44%
für
42%
ihn
40%
um
40%
zum
40%
Flügel
38%
Weg
38%
Erde
36%
Zur
36%
als
35%
am
35%
Doch
35%
frei
35%
haben
35%
durch
33%
Freiheit
33%
kennt
33%
wär'
33%
war
33%
nach
31%
gefangen
29%
Gefangen
29%
Vom
29%
auch
27%
aus
27%
Grenzen
27%
sich
27%
Weite
27%
Meere
25%
ins
24%
Macht
24%
Schwingen
24%
See
24%
heißt
22%
ihren
22%
Lüfte
22%
schwingt
22%
Stürme
22%
unendlich
22%
Ziel
22%
findet
20%
Matrosen
20%
ungeheuer
20%
Gott
18%
Herrscher
18%
segelt
18%
sucht
18%
Feuer
16%
gekrönt
16%
Ketten
16%
krachen
16%
steigt
16%
Südpol
16%
tot
16%
Wolken
16%
Würde
16%
Gewalt
15%
Norden
15%
rauer
15%
ruft
15%
brechen
13%
endlose
13%
Fesseln
13%
folgt
13%
gebrochen
13%
Kraft
13%
List
13%
Los
13%
maßloser
13%
Tücke
13%
armdicken
11%
Blei
11%
Freie
11%
Klippen
11%
Schiffen
11%
trauert
11%
Wände
11%
gefesselt
9%
Hochsee
9%
lag
9%
Orkan
9%
Ozeanen
9%
Schlingen
9%
Sklaven
9%
sprengt
9%
Symbol
9%
Verblutend
9%
Verhöhnt
9%
vermisst
9%
berauschend
7%
Durchwandert
7%
geschunden
7%
stürmt
7%
teilten
7%
greifen
5%
Hindernis
5%
Riegel
5%
Schlösser
5%
türmen
5%
Ufer
5%
Blitze
4%
kämpft
4%
schlagen
4%
Zwingen
4%
Keine übereinstimmenden Quizze gefunden
Verteilung der Resultate
Anzahl Personen mit jedem Resultat
Perzentil nach korrekt beantworteten Fragen
Ihre Resultats-Entwicklung
Sie haben dieses Quiz noch nicht gespielt